01752agaaa2200289 45000010005000000030009000050050017000140070009000310080040000400400023000800410013001031000048001161300014001642450169001782500022003472600137003693000034005065080170005405110092007105200384008025380016011865460013012026500066012157000060012817000061013417000060014029375IT-RoPAU20220918181236.0d cvaizq50131s9999||||xx ||| | || ||und|| aIT-RoPAUcIT-RoPAU aITALIANO aSironi AlbertogCodice regista SPICS: 55957 aPINOCCHIO aPINOCCHIOcProdotto da: Bernabei Luca -- Sceneggiatura: Cotroneo Ivan Mazzotta Carlo -- Diretto da: Sironi AlbertopPINOCCHIO (Rif. Codice opera principale : H9375) aEdizione Standard a(ITALIA - UK)bRAI FICTION - LUX VIDE - POWER / Distribuzione: MULTIMEDIA SAN PAOLOg"2008 (1° ed.: 2009 ; Ed. Lingua Orig.: 2008)" aDVDbsonoro, col.c187 minuti a"Fotografia: Lecca Franco; Montaggio: Yardley D. Chierchie; Musica: Kaczmarek Jan A.P.; Sceneggiatura: Cotroneo Ivan Mazzotta Carlo; Scenografia: Geleng Antonello; " a"Hoskins Bob; Kay Robbie; Buy Margherita; Placido Violante; Litizzetto Luciana; Nosul " aUN BURATTINO DI LEGNO PRENDE VITA, UN FALEGNAME E' DISPOSTO A CREDERCI... UN VIAGGIO PER DIVENATRE PADRE E FIGLIO... LA FIABA ITALIANA PIU' FAMOSA COME AVVINCENTE METAFORA DEL RAPPORTO TRA PADRE E FIGLIO. ALLA FAVOLA COLLODIANA DOVE UN BURATTINO, DIVENTATO BAMBINO, IMPARA AD ESSERE FIGLIO, SI UNISCE UNA CHIAVE DI LETTURA MODERNA E IRONICA DI UN PADRE CHE IMPARA AD ESSERE TALE. aPAL, STEREO aITALIANO aCOMMEDIA - AVVENTeDVD-FILM [DVD]xCodice MATERIA SPICS: 9947 aCollodi Carlo e(soggetto)gCodice Soggetto SPICS: 7904 aKaczmarek Jan A.P.e(musica)gCodice Musica SPICS: 59535 aSironi Alberto e(regista)gCodice regista SPICS: 55957